| 000 | 00437cam a2200169ua 4500 | ||
|---|---|---|---|
| 003 | OSt | ||
| 008 | 241101b |||||||| |||| 00| 0 eng d | ||
| 041 | _aeng | ||
| 082 |
_a621.47 _bHOL/AN |
||
| 100 |
_aHollandar, Jack.M . _96365 |
||
| 245 | _aAnnual review of energy / | ||
| 260 |
_aUSA : _bAnnual review INC , _c1985. |
||
| 300 | _a711 ; . | ||
| 700 | 1 |
_aBrooks , Harvay . _96366 |
|
| 700 | 1 |
_aSternlight, David . _96367 |
|
| 942 | _cBK | ||
| 999 |
_c1833 _d1833 |
||